Middle Countries Alphabetically by Continent - Statistics

General Stats
  • This quiz has been taken 28 times
  • The average score is 29 of 34
Answer Stats
Continent Country % Correct
Africa Liberia
100%
South America Chile
95%
Africa Kenya
95%
Asia Laos
95%
South America Peru
95%
South America Colombia
91%
South America Guyana
91%
Asia Maldives
91%
Europe Malta
91%
South America Paraguay
91%
South America Ecuador
86%
North America Grenada
86%
North America Guatemala
86%
North America Haiti
86%
North America Honduras
86%
Europe Latvia
86%
Africa Libya
86%
Europe Lithuania
86%
Europe Luxembourg
86%
Africa Malawi
86%
Oceania Nauru
86%
Oceania Samoa
86%
Africa Lesotho
82%
Europe Liechtenstein
82%
Oceania Marshall Islands
82%
Oceania New Zealand
82%
Oceania Palau
82%
Oceania Papua New Guinea
82%
Africa Madagascar
77%
North America El Salvador
73%
Asia Malaysia
73%
Asia Kyrgyzstan
68%
Asia Lebanon
68%
Asia Mongolia
68%
No matching quizzes found
Score Distribution
Percent of People with Each Score
Percentile by Number Answered
Your Score History
You have not taken this quiz